आराधना एक नाम / (Record no. 118432)

MARC details
000 -LEADER
fixed length control field 01022nam a22002537a 4500
005 - DATE AND TIME OF LATEST TRANSACTION
control field 20170124103113.0
010 ## - LIBRARY OF CONGRESS CONTROL NUMBER
LC control number A-699337
020 ## - INTERNATIONAL STANDARD BOOK NUMBER
Terms of availability 45.00
035 ## - SYSTEM CONTROL NUMBER
System control number A-699337
037 ## - SOURCE OF ACQUISITION
Source of stock number/acquisition Cen Lib/Ret
040 ## - CATALOGING SOURCE
Original cataloging agency DPL
Language of cataloging HN
082 ## - DEWEY DECIMAL CLASSIFICATION NUMBER
Classification number
Item number कृतना
100 ## - MAIN ENTRY--PERSONAL NAME
Personal name कृतनारायण प्यारा
9 (RLIN) 80128
245 ## - TITLE STATEMENT
Title आराधना एक नाम /
Statement of responsibility, etc कृतनारायण प्यारा
246 ## - VARYING FORM OF TITLE
Title proper/short title Aaradhana ek naam /
Remainder of title by Krit Narayan Pyara
260 ## - PUBLICATION, DISTRIBUTION, ETC. (IMPRINT)
Place of publication, distribution, etc नई दिल्ली
Name of publisher, distributor, etc तुलिका प्रकाशन
Date of publication, distribution, etc 1994
270 ## - ADDRESS
Address 20/11 वार्ड नं० 1, महरौली
City नई दिल्ली
Postal code 110030
300 ## - PHYSICAL DESCRIPTION
Extent 111पृ.
Dimensions 17सेमी(सजिल्द )
650 ## - SUBJECT ADDED ENTRY--TOPICAL TERM
Topical term or geographic name as entry element साहित्य--कहानियां
General subdivision
Geographic subdivision
9 (RLIN) 80129
650 ## - SUBJECT ADDED ENTRY--TOPICAL TERM
Topical term or geographic name as entry element हिंदी कहानियां
9 (RLIN) 2082
650 ## - SUBJECT ADDED ENTRY--TOPICAL TERM
Topical term or geographic name as entry element Literature--Stories
Form subdivision
9 (RLIN) 80130
650 ## - SUBJECT ADDED ENTRY--TOPICAL TERM
Topical term or geographic name as entry element Hindi Stories
9 (RLIN) 80131
942 ## - ADDED ENTRY ELEMENTS (KOHA)
Source of classification or shelving scheme Dewey Decimal Classification
Koha item type Hindi Books
Classification part
Call number suffix कृतना
Holdings
Withdrawn status Lost status Damaged status Not for loan Home library Current library Date acquired Source of acquisition Cost, normal purchase price Total Checkouts Full call number Barcode Date last seen Copy number Cost, replacement price Price effective from Koha item type Public note
Written off       Central Library Central Library 11/09/2015 Cen Lib/Ret 45.00   क कृतना A-699337 11/09/2015 1 45.00 11/09/2015 Hindi Books Written off on approval by DLB (By Circulation); dtd 20.12.2022

© Delhi Public Library
Hit Counter
free hit counter